000 00595nam a2200181Ia 4500
008 151202s9999||||xx |||||||||||||| ||und||
082 _bPNVM-42512
100 _aअनुभवी तज्ञ.
245 _a"भागवत सुलभ -भा.2 (4,5,6)."
260 _bरघुनाथ यंदे.
260 _c1964
300 _a309
600 _aअनुभवी तज्ञ.
630 _a"भागवत सुलभ -भा.2 (4,5,6)."
700 _aअनुभवी तज्ञ.
730 _a"भागवत सुलभ -भा.2 (4,5,6)."
942 _cBOOK
999 _c1308464
_d1308461